00394 2200169 4500245003700000020002200037250001100059100001900070700001000089650001500099005001900114260003100133041001400164084001100178300002600189336000900215 aGempa BumicBeni AmbarjayahText a978-602-95935-6-3 aCet. 1 aBeni Ambarjaya aYuldi aGempa Bumi a20230306074149 aBandungbPutra Setiac2013 aIndonesia a551.22 avi, 106 hlm. :cilus. atext